Elementary differential equations : (Record no. 167796)
[ view plain ]
| 000 -LEADER | |
|---|---|
| fixed length control field | 00749nam a22001937a 4500 |
| 005 - DATE AND TIME OF LATEST TRANSACTION | |
| control field | 20220211142736.0 |
| 010 ## - LCCN (DPL NO) | |
| LC control number | ENG-126499 |
| 020 ## - INTERNATIONAL STANDARD BOOK NUMBER | |
| Terms of availability | 759.00 |
| International Standard Book Number | 9789353432782 |
| 035 ## - SYSTEM CONTROL NUMBER | |
| System control number | EN-110031 |
| 037 ## - SOURCE OF ACQUISITION | |
| Source of stock number/acquisition | DBAD/PUB |
| 082 ## - DEWEY DECIMAL CLASSIFICATION NUMBER | |
| Classification number | 515.35 |
| Edition number | 6th |
| 100 ## - MAIN ENTRY--PERSONAL NAME | |
| Personal name | Edwards ,C.Henry |
| 245 ## - TITLE STATEMENT | |
| Title | Elementary differential equations : |
| Remainder of title | With boundary value problems / |
| Statement of responsibility, etc | By C. Henry Edwards [and] David E.Penney |
| 260 ## - PUBLICATION, DISTRIBUTION, ETC. (IMPRINT) | |
| Place of publication, distribution, etc | Chennai |
| Name of publisher, distributor, etc | Pearson India Education Services |
| Date of publication, distribution, etc | 2019 |
| 270 ## - ADDRESS | |
| City | Chennai |
| Address | 4th Floor ,Software Block ,Elnet Software City,TS140 ,Block 2&9 ,Taramani |
| Postal code | 600113 |
| Telephone number | 080-30461060 |
| Electronic mail address | companysecretary.india@pearson.com |
| Fax number | 080-30461003 |
| 300 ## - PHYSICAL DESCRIPTION | |
| Extent | 767p. |
| Dimensions | 25cm(PBK) |
| 500 ## - GENERAL NOTE | |
| General note | includes index |
| 942 ## - ADDED ENTRY ELEMENTS (KOHA) | |
| Source of classification or shelving scheme | Dewey Decimal Classification |
| Item type | English Books |
| Classification part | 515.35 |
| Call number suffix | EDW |
| Withdrawn status | Lost status | Not for loan | Collection code | Home library | Current library | Date acquired | Source of acquisition | Cost, normal purchase price | Full call number | Barcode | Copy number | Cost, replacement price | Koha item type |
|---|---|---|---|---|---|---|---|---|---|---|---|---|---|
| Non-fiction | Ashok Vihar | Ashok Vihar | 19/09/2019 | DBAD/PUB | 759.00 | 515.35 EDW | EN-110031 | 1 | 759.00 | English Books |
